00445nam a22001577a 450000500170000000800410001702000170005804100130007508200160008810000130010424500490011725000190016626000470018530000300023265000250026220231121064733.0231121b |||||||| |||| 00| 0 eng d a040911684 X  aEnglish  a343.4 PRA  lEnglish  aThe Lexis Practical Guide to Tax in Namibia  aFifth Edition  aDurban : bLexisNexis Butterworths, c2006 bxv, 194 pages ; c22 cm.  aLegal practice bLaw